Increased intracranial pressure in children : (Record no. 118266)

MARC details
000 -LEADER
fixed length control field 00925pam a2200289 i 4500
008 - FIXED-LENGTH DATA ELEMENTS--GENERAL INFORMATION
fixed length control field
020 ## - INTERNATIONAL STANDARD BOOK NUMBER
International Standard Book Number 0721617085 (hbk.)
049 ## - LOCAL HOLDINGS (OCLC)
Holding library MAIN
090 ## - LOCALLY ASSIGNED LC-TYPE CALL NUMBER (OCLC); LOCAL CALL NUMBER (RLIN)
Classification number (OCLC) (R) ; Classification number, CALL (RLIN) (NR) RJ486
Local cutter number (OCLC) ; Book number/undivided call number, CALL (RLIN) BEL
003 - CONTROL NUMBER IDENTIFIER
control field
005 - DATE AND TIME OF LATEST TRANSACTION
control field 20230120204149.0
040 ## - CATALOGING SOURCE
Transcribing agency NUST
100 1# - MAIN ENTRY--PERSONAL NAME
Personal name Bell, William Edward.
245 10 - TITLE STATEMENT
Title Increased intracranial pressure in children :
Remainder of title diagnosis and treatment /
Statement of responsibility, etc. by William E. Bell and William F. McCormick.
250 ## - EDITION STATEMENT
Edition statement 2d ed.
260 ## - PUBLICATION, DISTRIBUTION, ETC.
Place of publication, distribution, etc. Philadelphia :
Name of publisher, distributor, etc. Saunders,
Date of publication, distribution, etc. 1978.
300 ## - PHYSICAL DESCRIPTION
Extent x, 485 p. :
Other physical details ill. ;
Dimensions 27 cm.
490 0# - SERIES STATEMENT
Series statement Major problems in clinical pediatrics ; v. 8
500 ## - GENERAL NOTE
General note Includes index.
504 ## - BIBLIOGRAPHY, ETC. NOTE
Bibliography, etc. note Includes bibliographies.
650 #0 - SUBJECT ADDED ENTRY--TOPICAL TERM
Topical term or geographic name entry element Intracranial pressure.
650 #0 - SUBJECT ADDED ENTRY--TOPICAL TERM
Topical term or geographic name entry element Pediatric neurology.
650 #0 - SUBJECT ADDED ENTRY--TOPICAL TERM
Topical term or geographic name entry element Intracranial tumors in children.
700 1# - ADDED ENTRY--PERSONAL NAME
Personal name McCormick, William F.
907 ## - LOCAL DATA ELEMENT G, LDG (RLIN)
a .b10355479
b 26-03-15
c 26-03-15
942 ## - ADDED ENTRY ELEMENTS (KOHA)
Koha item type Ordinary Loan Books
Call number prefix RJ486
Call number suffix BEL
Holdings
Date last seen Total Checkouts Full call number Barcode Cost, replacement price Price effective from Koha item type Lost status Source of classification or shelving scheme Damaged status Not for loan Collection Withdrawn status Home library Current library Shelving location Date acquired Cost, normal purchase price
01/20/2023   RJ486 BEL 92004039306 80.00 01/20/2023 BOOKS   lcc     NFIC   Medical Medical GEN 01/20/2023 80.00